| 000 | 00000nam 2200000zi 4500 |
| 001 | 9.947215 |
| 003 | CaOODSP |
| 005 | 20250306112040 |
| 006 | m o d f |
| 007 | cr |n||||||||| |
| 008 | 250121e20241212oncd ob f|0| 0 fre d |
| 040 | |aCaOODSP|bfre|erda|cCaOODSP |
| 043 | |an-cn--- |
| 086 | 1 |aYN5-296/2024F-PDF |
| 100 | 1 |aSegel-Brown, Ben, |eauteur. |
| 245 | 10|aDépenses fédérales axées sur l’abordabilité du logement en 2024 / |cBen Segel-Brown, analyste principal. |
| 264 | 1|aOttawa, Canada : |bBureau du directeur parlementaire du budget = Office of the Parliamentary Budget Officer, |c12 décembre 2024. |
| 264 | 4|c©2024 |
| 300 | |a1 ressource en ligne (33 pages) : |bgraphiques |
| 336 | |atexte|btxt|2rdacontent/fre |
| 337 | |ainformatique|bc|2rdamedia/fre |
| 338 | |aressource en ligne|bcr|2rdacarrier/fre |
| 500 | |aPublié aussi en anglais sous le titre : Federal spending on housing affordability in 2024. |
| 500 | |a« RP-2425-023-S_e. » |
| 504 | |aComprend des références bibliographiques (pages 31-33). |
| 650 | 6|aLogement|xPolitique gouvernementale|zCanada. |
| 650 | 6|aAide de l'État au logement|zCanada. |
| 710 | 1 |aCanada. |bBureau du Directeur parlementaire du budget, |eorganisme de publication. |
| 775 | 08|tFederal spending on housing affordability in 2024 / |w(CaOODSP)9.947181 |
| 856 | 40|qPDF|s4.17 Mo|uhttps://publications.gc.ca/collections/collection_2025/dpb-pbo/YN5-296-2024-fra.pdf |